[Event "ISR-ch"]
[Site "Haifa"]
[Date "2010.11.18"]
[Round "9"]
[White "Kataev, Simcho"]
[Black "Mamut, Igor"]
[Result "0-1"]
[WhiteElo "2281"]
[BlackElo "2229"]
[PlyCount "100"]
[EventDate "2010.11.08"]
[EventType "swiss"]
[EventRounds "9"]
[EventCountry "ISR"]
[SourceTitle "EXT 2011"]
[Source "ChessBase"]
[SourceDate "2010.11.26"]
[SourceVersion "1"]
[SourceVersionDate "2010.11.26"]
[SourceQuality "1"]

1. c4 g6 2. Nc3 Bg7 3. g3 Nf6 4. e4 0-0 5. Bg2 c5 6. Nge2 Nc6 7. 0-0 d6 8. d3 a6 9. a4 Rb8 10. h3 Bd7 11. f4 Ne8 12. Kh2 Nc7 13. b3 b5 14. axb5 axb5 15. Ra2 Nb4 16. Rd2 Ne6 17. Nd5 Nxd5 18. exd5 Nd4 19. Nxd4 Bxd4 20. Bb2 Bxb2 21. Rxb2 Qa5 22. Re2 Rfe8 23. Rfe1 Kf8 24. g4 Qc3 25. Re3 Ra8 26. Kg3 Ra2 27. R1e2 Ra1 28. Qd2 Qxd2 29. Rxd2 Ra3 30. Rb2 Rb8 31. Kh4 h6 32. Rbe2 Rxb3 33. Rxe7 Rd8 34. f5 gxf5 35. g5 hxg5+ 36. Kxg5 Kg7 37. cxb5 Bxb5 38. Bf3 Rxd3 39. Rf2 Rd7 40. Re1 Rd4 41. Rg2 Bd3 42. Re8 c4 43. Ra2 f6+ 44. Kh5 Be4 45. Bxe4 fxe4 46. Rg2+ Kf7 47. Rgg8 Rxd5+ 48. Kh6 Re7 49. Rc8 Rc5 50. Rcd8 Ke6 0-1

[Event "ISR-ch"]
[Site "Haifa"]
[Date "2010.11.08"]
[Round "1.12"]
[White "Mamut, Igor"]
[Black "Birnboim, Nathan"]
[Result "1-0"]
[WhiteElo "2229"]
[BlackElo "2387"]
[PlyCount "107"]
[EventDate "2010.11.08"]
[EventType "swiss"]
[EventRounds "9"]
[EventCountry "ISR"]
[SourceTitle "EXT 2011"]
[Source "ChessBase"]
[SourceDate "2010.11.26"]
[SourceVersion "1"]
[SourceVersionDate "2010.11.26"]
[SourceQuality "1"]

1. d4 e6 2. c4 f5 3. g3 Nf6 4. Bg2 Be7 5. Nc3 0-0 6. e3 d5 7. Nge2 c6 8. b3 dxc4 9. bxc4 e5 10. 0-0 Na6 11. Rb1 Kh8 12. Qa4 Nd7 13. c5 Qe8 14. Qc4 Qg6 15. Ba3 f4 16. exf4 exd4 17. Nxd4 Bxc5 18. Bxc5 Ndxc5 19. Rfe1 Bd7 20. Nf3 b5 21. Qd4 Rad8 22. Ne5 Qf6 23. Rbd1 Be6 24. Qe3 b4 25. Ne4 Nxe4 26. Bxe4 c5 27. Rxd8 Qxd8 28. Bb7 Qb6 29. Bxa6 Qxa6 30. Qxc5 Rc8 31. Qxb4 Qxa2 32. Qe7 a5 33. Ng6+ hxg6 34. Qxe6 Qxe6 35. Rxe6 Ra8 36. Rxg6 Kg8 37. Rc6 Kf7 38. Kf1 a4 39. Rc2 Ke6 40. Ke2 Kd5 41. Kd3 Ra7 42. Ra2 Kc5 43. Kc3 Kb5 44. Rb2+ Kc5 45. Re2 a3 46. Kb3 Kd4 47. Ka2 Ra8 48. h4 Ra7 49. Re6 Kd3 50. h5 Kd4 51. f5 Kd5 52. g4 Ra4 53. f3 Kc4 54. Re3 1-0

[Event "Budapest FS04 IM"]
[Site "Budapest"]
[Date "2006.04.05"]
[Round "5"]
[White "Toth, Lili"]
[Black "Mamut, Igor"]
[Result "0-1"]
[WhiteElo "2229"]
[BlackElo "2276"]
[PlyCount "96"]
[EventDate "2006.04.01"]
[EventType "tourn"]
[EventRounds "13"]
[EventCountry "HUN"]
[EventCategory "2"]
[SourceTitle "CBM 111 Extra"]
[Source "ChessBase"]
[SourceDate "2006.05.09"]
[SourceVersion "1"]
[SourceVersionDate "2006.05.09"]
[SourceQuality "1"]

1. d4 Nf6 2. c4 d6 3. Nf3 Bg4 4. Nc3 Bxf3 5. gxf3 g6 6. e4 Bg7 7. Bg5 0-0 8. Qd2 Nc6 9. d5 Ne5 10. Be2 c6 11. f4 Ned7 12. 0-0 Nc5 13. Qe3 Nfd7 14. Kh1 Re8 15. Rg1 Qb6 16. Rab1 a5 17. f5 Nf6 18. fxg6 hxg6 19. Rg3 Ncd7 20. Qf4 Nh7 21. Bh6 Be5 22. Qf3 Bxg3 23. Qxg3 Qd4 24. Rd1 Qh8 25. Rg1 Nhf6 26. Qg5 Nh7 27. Qe3 Qf6 28. f4 Qh4 29. f5 Ne5 30. Rg3 f6 31. fxg6 Ng5 32. Bxg5 fxg5 33. Rxg5 Rf8 34. Rh5 Qe1+ 35. Kg2 Nxg6 36. Rg5 Rf6 37. dxc6 bxc6 38. e5 dxe5 39. Ne4 Kf7 40. Rxg6 Rxg6+ 41. Ng3 Rd8 42. Qxe5 Rd2 43. Qf5+ Kg7 44. Qe5+ Kg8 45. Kf3 Rd3+ 46. Kg2 Qd2 47. Qe4 Rdd6 48. Kf3 Rdf6+ 0-1

[Event "Budapest FS04 IM"]
[Site "Budapest"]
[Date "2006.04.01"]
[Round "1"]
[White "Mamut, Igor"]
[Black "Ignacz, Maria"]
[Result "1/2-1/2"]
[WhiteElo "2276"]
[BlackElo "2228"]
[PlyCount "22"]
[EventDate "2006.04.01"]
[EventType "tourn"]
[EventRounds "13"]
[EventCountry "HUN"]
[EventCategory "2"]
[SourceTitle "CBM 111 Extra"]
[Source "ChessBase"]
[SourceDate "2006.05.09"]
[SourceVersion "1"]
[SourceVersionDate "2006.05.09"]
[SourceQuality "1"]

1. d4 Nf6 2. Nf3 e6 3. Bg5 d5 4. Nbd2 Nbd7 5. e4 dxe4 6. Nxe4 Be7 7. Nxf6+ Nxf6 8. Bd3 0-0 9. 0-0 c5 10. dxc5 Bxc5 11. Qe2 Be7 1/2-1/2

[Event "Budapest FS03 IM-B"]
[Site "Budapest"]
[Date "2005.03.15"]
[Round "11"]
[White "Porat, David"]
[Black "Mamut, Igor"]
[Result "1/2-1/2"]
[WhiteElo "2319"]
[BlackElo "2266"]
[PlyCount "71"]
[EventDate "2005.03.05"]
[EventType "tourn"]
[EventRounds "11"]
[EventCountry "HUN"]
[EventCategory "2"]
[SourceTitle "CBM 105 Extra"]
[Source "ChessBase"]
[SourceDate "2005.05.01"]
[SourceVersion "1"]
[SourceVersionDate "2005.05.01"]
[SourceQuality "1"]

1. d4 d5 2. c4 c6 3. Nf3 Nf6 4. e3 Bg4 5. Nc3 e6 6. cxd5 exd5 7. Qb3 Qb6 8. Ne5 Bf5 9. Bd3 Bxd3 10. Nxd3 Nbd7 11. Bd2 Bd6 12. Na4 Qxb3 13. axb3 b5 14. Nac5 Bxc5 15. dxc5 Ne4 16. b4 Kd8 17. Bc1 Kc7 18. f3 Ng5 19. Bd2 Rhe8 20. Kf2 Ne6 21. Bc3 Kb7 22. Ra5 f6 23. g4 Nc7 24. h4 Ne5 25. Nxe5 fxe5 26. Raa1 Rad8 27. Rad1 Rd7 28. Rhe1 Rf7 29. Kg3 g6 30. f4 d4 31. exd4 exf4+ 32. Kf3 Rxe1 33. Rxe1 Nd5 34. Bd2 Kc7 35. Re4 Kd7 36. Re1 1/2-1/2

[Event "Budapest FS03 IM-B"]
[Site "Budapest"]
[Date "2005.03.10"]
[Round "6"]
[White "Mamut, Igor"]
[Black "Martini, Balazs"]
[Result "1/2-1/2"]
[WhiteElo "2266"]
[BlackElo "2333"]
[PlyCount "129"]
[EventDate "2005.03.05"]
[EventType "tourn"]
[EventRounds "11"]
[EventCountry "HUN"]
[EventCategory "2"]
[SourceTitle "CBM 105 Extra"]
[Source "ChessBase"]
[SourceDate "2005.05.01"]
[SourceVersion "1"]
[SourceVersionDate "2005.05.01"]
[SourceQuality "1"]

1. d4 Nf6 2. c4 g6 3. Nc3 Bg7 4. e4 d6 5. Nf3 0-0 6. Be2 e5 7. Be3 Nbd7 8. 0-0 c6 9. d5 c5 10. Nd2 Ne8 11. Qc2 Qe7 12. f3 Ndf6 13. g4 Nc7 14. Rf2 Bd7 15. Nf1 a6 16. a4 b5 17. Ng3 Rfb8 18. h4 bxc4 19. Bxc4 Bxg4 20. fxg4 Nxg4 21. Bg5 f6 22. Bc1 Nxf2 23. Qxf2 Rf8 24. Qh2 f5 25. exf5 gxf5 26. Bg5 Qd7 27. Qh3 h6 28. Bd2 Rf7 29. Rf1 Raf8 30. Be2 e4 31. Bh5 Bd4+ 32. Kh1 e3 33. Bxf7+ Rxf7 34. Be1 Ne8 35. Nxf5 Kh7 36. Ne4 Kh8 37. Qg4 Ng7 38. Neg3 e2 39. Rf3 Be5 40. Nxe2 Rxf5 41. Bc3 h5 42. Qe4 Rxf3 43. Qxf3 Qxa4 44. Bxe5 dxe5 45. Kg2 Qxh4 46. Qf8+ Kh7 47. Qxc5 Qg4+ 48. Kf2 h4 49. d6 Qf5+ 50. Kg1 h3 51. Kh2 Qf3 52. Qc2+ Nf5 53. Ng1 Qg3+ 54. Kh1 Qg2+ 55. Qxg2 hxg2+ 56. Kxg2 Nxd6 57. Nf3 e4 58. Ne5 a5 59. Kg3 Kg7 60. Kf4 Kf6 61. Nc6 a4 62. Nd4 Ke7 63. Ne2 Nc4 64. Kxe4 Nxb2 65. Kd4 1/2-1/2